000 00593nam a22001817a 4500
005 20251108164910.0
008 250721s1993 xx 000 0 ara d
082 1 4 _a646.72/آمن
100 1 _aالمغربل، آمنة
245 1 0 _aالبشرة النضرة :
_bمرآة جمالك و شبابك /
264 1 _aطرابلس (لبنان) :
_bدار الشمال للطباعة و النشر و التوزيع،
_c1993.
300 _a47ص
650 1 7 _aالمظهر الشخصي
650 1 7 _aالتجميل
700 1 _aالطبال، أحمد
942 _2ddc
_cBK
999 _c16979
_d16979